000 01681cam a22004817a 4500
001 3614
003 FISKH
005 20240326114341.0
008 110929s2011 moua j 6 000 1 eng d
010 _a 2011940123
020 _a9781449420437 (pbk.)
020 _a1449420435 (pbk.)
020 _a9781451738230 (lib. bdg.)
020 _a1451738234 (lib. bdg.)
020 _a9780545468015
020 _a0545468019
020 _a9781607448372
020 _a1607448378
035 _a(OCoLC)ocn756590849
040 _aBTCTA
_beng
_cBTCTA
_dOCO
_dBKX
_dYDXCP
_dLF3
_dBDX
_dBPLCP
_dCNRCS
_dJN7
_dCD5
_dABG
_dDLC
042 _alccopycat
050 0 0 _aPZ7.P361
_bBd 2011
082 0 4 _a741.5/6/973
_223
100 1 _aPeirce, Lincoln.
245 1 0 _aBig Nate and friends /
_cby Lincoln Peirce.
250 _aFirst Scholastic printing, March 2012
260 _aNew York ;
_bScholastic,
_c2011.
300 _a222 pages :
_billustrations ;
_c23 cm
520 _aCollects sixth-grader Nate Wright's adventures with his best friends, Francis and Teddy, exchange student, Artur, and annoying teacher's pet, Gina.
650 0 _aMiddle schools
_vComic books, strips, etc.
650 0 _aFriendship
_vComic books, strips, etc.
650 1 _aBig Nate (Fictitious character)
_vCartoons and comics.
650 1 _aMiddle schools
_vFiction.
650 1 _aFriendship
_vFiction.
650 1 _aSchools
_vFiction.
650 1 _aCartoons and comics.
650 7 _aMiddle schools
_vFiction.
_2sears
650 7 _aFriendship
_vFiction.
_2sears
655 7 _aComic books, strips, etc.
_2gsafd
906 _a7
_bcbc
_ccopycat
_d2
_eepcn
_f20
_gy-gencatlg
942 _2ddc
_cBK
_n0
999 _c3614
_d3614